000 01095nam a22002657a 4500
001 BD-DhSAU 8935
003 BD-DhSAU
005 20181224112431.0
008 150612b2008 bg a||||r|||| 000 0 eng d
040 _aBD-DhSAU
082 _222
_a635
_bZ144
100 _aZaman, Jesmin
_eRegistration No. # 00883
245 _aEffect of sowing time and potassium on growth and yield of stem amaranth /
_bMS thesis
_cby Jesmin Zaman.
260 _aSher-e- Bangla Agricultural University :
_bDepartment of Horticulture and Postharvest Technology,
_c2008.
300 _avii, 71 p. :
_bill. ,
_c30 cm.
500 _aMS thesis of Department of Horticulture and Postharvest Technology, Faculty of Agriculture, Sher-e-Bangla Agricultural University, Dhaka, Bangladesh
590 _ajoy
650 _aHorticulture
650 _aPostharvest Technology
650 _aStem amaranth
700 _aAkand, Md. Hassanuzzaman
_eSupervisor
700 _aMahabuddin, A. K. M.
_eCo-Supervisor
856 _yOnline Access
_u http://archive.saulibrary.edu.bd:8080/xmlui/handle/123456789/982
942 _2ddc
_cTHESIS
999 _c8935
_d8935